00624nam a2200181 a 450000100100000000500170001000800410002702000150006804000250008308200080010810000300011624500710014626000410021730000210025870000380027995201080031799900170042500003950120201002031701.0130704s19uu dr 000 0 spa d a8432205664 aDO-SdBNPbspacBNPHU axxx1 aSüskind, Patrick96568413aLa paloma /cPatrick Süskind ; traducción Pilar Giralt Gorina. a[Barcelona] :bSeix barral,c[19-?]. a126 p. ;c21 cm.1 aGiralt Gorina, Pilar,etr.965685 0010718PDaGRbGRcCTd2013-07-04iLF1l0oxxx p39501-10r2020-06-25w2020-06-25yLFPDZNo se presta c38991d38991